Largest islands by letter - Statistics

General Stats
  • This quiz has been taken 46 times
    24 since last reset
  • The average score is 12 of 26
Answer Stats
Hint Answer % Correct
G Greenland
86%
I Iceland
86%
M Madagascar
86%
B Borneo
82%
C Cuba
77%
J Java
77%
H Honshu
73%
N New Guinea
73%
S Sumatra
73%
A Australia ( mainland )
64%
K Kyushu
55%
L Luzon
55%
E Ellesmere
50%
V Victoria
50%
T Tasmania
36%
D Devon
27%
Z Zealand
27%
F Flores
23%
R Rhodes
18%
W Wrangel island
18%
P Prince of Wales
14%
X Xiamen
14%
O October revolution
9%
Q Qeshm
5%
U Unimak
5%
Y Yuzhny island
5%
No matching quizzes found
Score Distribution
Percent of People with Each Score
Percentile by Number Answered
Your Score History
You have not taken this quiz since the last reset